000 00997cab a2200253 4500
001 ABS52656
008 090401t1995 xxu||||| |||| 00| 0 eng d
035 _a(Sirsi) u88992
041 _aeng
100 _aPowell-Smith, V.
245 _aLook back in anger
260 _c1995
350 _a0
490 _aContract Journal
_v378(6019) 6 April 1995, 15(1)
520 _aConsiders "Sheffield v Conrad" (1987) and the defence for non-payment. After the employer had terminated the contract a defect was found, which was caused by the premature removal of props at the time of the termination. It was held that the employer could not use this retrospective knowledge of the builder`s action to justify termination.
650 _aBUILT ENVIRONMENT-BUILDING CONTRACT FORMS
650 _aBUILDING DEFECTS
650 _aCANTILEVER PROJECTION
650 _aREPUDIATION
650 _aTERMINATION
690 _aBUILT ENVIRONMENT-BUILDING CONTRACT FORMS
942 _n0
948 _c04/03/1997
999 _c56275
_d56275